000 00584nam a2200217Ia 4500
005 20250508165218.0
008 008 250505s9999 xx 000 0 eng d
020 _a81-7096-103-3
037 _aReference
040 _aFEDL
_beng
_cFEDL
041 _aeng
_2eng
084 _a370.15, MAN/RR
_qFEDL
100 _aMangal S K
245 0 _aAdvanced educational psychology
250 _a2
260 _aNew Delhi, India
_bPHI Learning Pvt. Ltd.
_c2002
300 _axvi, 520p.
365 _aINR
_b275
942 _cREF
_h370.15, MAN/RR
999 _c1393823
_d1393823